| 000 | 00698nam a22002177a 4500 | ||
|---|---|---|---|
| 005 | 20240520130002.0 | ||
| 008 | 190807b mx ||||| |||| 00| 0 spa d | ||
| 020 | _a9789681871321 | ||
| 050 | 0 | 4 |
_aSF871 _bR47 2010 |
| 245 | 0 | 0 |
_aReproducción de animales domésticos _c / compiladores Carlos Galina, Javier Valencia,... [et al.]. |
| 250 | _a3a ed. | ||
| 260 |
_aMéxico : _bLimusa, _c2010. |
||
| 300 |
_a582 p. : _bil. ; _c25 cm. |
||
| 504 | _aIncluye bibliografía | ||
| 650 | 7 |
_2lemb _aReproducción |
|
| 650 | 7 |
_2lemb _aAnimales domésticos |
|
| 700 | 1 |
_aGalina, Carlos, _ecompilador |
|
| 700 | 1 |
_aValencia, Javier, _ecompilador |
|
| 700 | 1 |
_aBayard, Paulo, _ecompilador |
|
| 942 |
_2lcc _cLIB |
||
| 999 |
_c35622 _d35622 |
||